Nghiên cứu xây dựng hệ thống truy vấn cơ sở dữ liệu qua mạng điện thoại công cộng

Mô tả hệ thống truy vấn CSDL qua mạng điện thoại công cộng SAIDBT; Mạng điện thoại giao tiếp với hệ thống SAIDBT; Tổng hợp tiếng nói với ngôn ngữ tiếng Việt trong hệ thống SAIDBT; Ứng dụng hệ thống truy vấn CSDL qua mạng điện thoại tại Công ty Cấp nước Thành phố Đà Nẵng....

Descripció completa

Guardat en:
Dades bibliogràfiques
Autor principal: Nguyễn Quang Thanh.
Altres autors: Lê Văn Sơn, TS. (Hướng dẫn.)
Format: Llibre
Idioma:Vietnamese
Publicat: Đà Nẵng : Đại học Đà Nẵng, 2003.
Matèries:
Etiquetes: Afegir etiqueta
Sense etiquetes, Sigues el primer a etiquetar aquest registre!
Thư viện lưu trữ: Mạng thư viện Đại học Đà Nẵng
LEADER 01701cam a2200373 a 4500
001 000044410
003 2785
005 20220915134131.0
008 010314b2003 vm 000 vie
040 |a LRCC  |c LRCC  |d LRCC 
041 0 |a vie 
082 1 4 |a 004.65  |b NG-T 
100 1 |a Nguyễn Quang Thanh. 
245 1 0 |a Nghiên cứu xây dựng hệ thống truy vấn cơ sở dữ liệu qua mạng điện thoại công cộng  |h [Thesis - Luận văn] /  |c Nguyễn Quang Thanh ; Lê Văn Sơn hướng dẫn. 
260 |a Đà Nẵng :  |b Đại học Đà Nẵng,  |c 2003. 
300 |a 93 tr. :  |b mh ;  |c 29 cm. 
520 3 |a Mô tả hệ thống truy vấn CSDL qua mạng điện thoại công cộng SAIDBT; Mạng điện thoại giao tiếp với hệ thống SAIDBT; Tổng hợp tiếng nói với ngôn ngữ tiếng Việt trong hệ thống SAIDBT; Ứng dụng hệ thống truy vấn CSDL qua mạng điện thoại tại Công ty Cấp nước Thành phố Đà Nẵng. 
630 0 4 |a Tin học. 
630 0 4 |a Mạng điện thoại. 
650 0 4 |a Mạng điện thoại. 
700 1 |a Lê Văn Sơn,  |c TS.,  |e Hướng dẫn. 
OWN |a DUT 
AVA |a UDN50  |b DUT  |c Internal Resources  |d 004.65 NG-T  |e available  |t Error 5001 Not defined in file expand_doc_bib_avail.  |f 1  |g 0  |h N  |i 0  |j NS  |k 1 
999 |a From the UDN01 
AVA |a UDN50  |b DUT  |c Internal Resources  |d 004.65 NG-T  |e available  |t Error 5001 Not defined in file expand_doc_bib_avail.  |f 1  |g 0  |h N  |i 0  |j NS  |k 1 
TYP |a Mixed Materials 
TYP |a Monograph 
TYP |a Printed language 
980 |a Mạng thư viện Đại học Đà Nẵng